Survivor Duel Champions - Statistics

General Stats
  • This quiz has been taken 17 times
  • The average score is 15 of 17
Answer Stats
Season Duels Won Name % Correct
South Pacific 6 Ozzy Lusth
100%
Blood vs. Water 3 Candice Cody
92%
Edge of Extinction 1 Chris Underwood
92%
Blood vs. Water 6 Laura Morett
92%
Redemption Island 10 Matt Elrod
92%
Winners at War 1 Natalie Anderson
92%
Edge of Extinction 1 Rick Devens
92%
Blood vs. Water 5 Tina Wesson
92%
Winners at War 1 Tyson Apostol
92%
Redemption Island 2 Andrea Boehlke
83%
Blood vs. Water 4 John Cody
83%
Blood vs. Water 2 Marissa Peterson
83%
Redemption Island 4 Mike Chiesl
83%
Redemption Island 1 Ralph Kiser
83%
Blood vs. Water 1 Vytas Baskauskas
83%
Blood vs. Water 1 Brad Culpepper
75%
South Pacific 5 Christine Shields Markoski
58%
No matching quizzes found
Score Distribution
Percent of People with Each Score
Percentile by Number Answered
Your Score History
You have not taken this quiz